000 00381nam a22001577a 4500
999 _c260086
_d260085
003 OSt
005 20230605120543.0
008 230605b xxu||||| |||| 00| 0 eng d
020 _a058233120X
040 _cN/A
100 _aGeorge H. Love
245 _aTheory and Practice of Metalwork
250 _a2nd Edition Metric
260 _aNew York
_bLongman
_c1974
942 _2lcc
_cBK